| 000 | 00463cam a2200181 4500 | ||
|---|---|---|---|
| 001 | D15978 | ||
| 008 | 090401t1963 xxu||||| |||| 00| 0 eng d | ||
| 035 | _a(Sirsi) u26201 | ||
| 041 | _aeng | ||
| 110 | _aChartered Auctioneers` & Estate Agents Institute | ||
| 245 | _aProspectus, regulations and syllabus of examinations | ||
| 260 |
_bCAEAI _c1963 |
||
| 300 | _a42p | ||
| 350 | _a0 | ||
| 520 | _aFiled in box 1963/36 AB | ||
| 942 | _n0 | ||
| 948 | _c04/03/1997 | ||
| 999 |
_c88900 _d88900 |
||